Of Poverty and Plastic : (Record no. 72973)

MARC details
000 -LEADER
fixed length control field 00977nam a22002657a 4500
005 - DATE AND TIME OF LATEST TRANSACTION
control field 20140507113125.0
008 - FIXED-LENGTH DATA ELEMENTS--GENERAL INFORMATION
fixed length control field 130115t xxu||||| |||| 00| 0 eng d
010 ## - LCCN (DPL NO)
LC control number ENG-106567
020 ## - INTERNATIONAL STANDARD BOOK NUMBER
International Standard Book Number 0198085508
Terms of availability 395.00
020 ## - INTERNATIONAL STANDARD BOOK NUMBER
International Standard Book Number 9780198085508
Terms of availability 395.00
035 ## - SYSTEM CONTROL NUMBER
System control number EN-90100
035 ## - SYSTEM CONTROL NUMBER
System control number B-514039-043
037 ## - SOURCE OF ACQUISITION
Source of stock number/acquisition DBAD / PUB
037 ## - SOURCE OF ACQUISITION
Source of stock number/acquisition BSB/Ven
Stock number dpl
040 ## - CATALOGING SOURCE
Original cataloging agency dpl
Language of cataloging English
082 ## - DEWEY DECIMAL CLASSIFICATION NUMBER
Classification number 363.72820954
100 ## - MAIN ENTRY--PERSONAL NAME
9 (RLIN) 28493
Personal name Gill, Kaveri
245 ## - TITLE STATEMENT
Title Of Poverty and Plastic :
Statement of responsibility, etc by Kaveri Gill
Remainder of title scaveging and scrap trading entrepreneurs in India's urban informal economy /
260 ## - PUBLICATION, DISTRIBUTION, ETC. (IMPRINT)
Place of publication, distribution, etc New Delhi
Name of publisher, distributor, etc Oxford University Press
Date of publication, distribution, etc 2012
270 ## - ADDRESS
Address YMCA Library Building, Jai Singh Road
City New Delhi
Postal code 110001
300 ## - PHYSICAL DESCRIPTION
Extent xxi, 287p.
Dimensions 20cm (pbk)
500 ## - GENERAL NOTE
General note Includes bibliographical references and index
942 ## - ADDED ENTRY ELEMENTS (KOHA)
Source of classification or shelving scheme Dewey Decimal Classification
Item type English Books
Call number suffix GIL
Classification part 363.72820954
Holdings
Withdrawn status Lost status Source of classification or shelving scheme Damaged status Not for loan Collection code Home library Current library Date acquired Source of acquisition Cost, normal purchase price Total Checkouts Full call number Barcode Date last seen Copy number Cost, replacement price Koha item type
    Dewey Decimal Classification     Non-fiction Bawana Bawana 07/05/2014 BSB/892/14.03.2013/169/08.03.2013/23.03.2013 395.00 1 363.72820954 GIL B-514043 17/08/2021 1 395.00 English Books
    Dewey Decimal Classification     Non-fiction Central Library Central Library 07/05/2014 BSB/892/14.03.2013/169/08.03.2013/23.03.2013 395.00 4 363.72820954 GIL B-514039 18/04/2022 1 395.00 English Books
    Dewey Decimal Classification     Non-fiction D.B.Act.Division D.B.Act.Division 15/01/2013 DBAD/PUB 395.00   GIL EN-90100 15/01/2013 1 395.00 English Books
    Dewey Decimal Classification     Non-fiction Janak Puri Janak Puri 07/05/2014 BSB/892/14.03.2013/169/08.03.2013/23.03.2013 395.00   363.72820954 GIL B-514042 07/05/2014 1 395.00 English Books
    Dewey Decimal Classification     Non-fiction Kasturba Gandhi Marg Kasturba Gandhi Marg 07/05/2014 BSB/892/14.03.2013/169/08.03.2013/23.03.2013 395.00   363.72820954 GIL B-514041 07/05/2014 1 395.00 English Books
    Dewey Decimal Classification     Non-fiction Patel Nagar Patel Nagar 07/05/2014 BSB/892/14.03.2013/169/08.03.2013/23.03.2013 395.00   363.72820954 GIL B-514040 07/05/2014 1 395.00 English Books

© Delhi Public Library
Hit Counter
free hit counter